සිංදු මිහිර : (Record no. 3455)

MARC details
000 -LEADER
fixed length control field 00592nam a22001817a 4500
003 - CONTROL NUMBER IDENTIFIER
control field LK-CoMWRAF
005 - DATE AND TIME OF LATEST TRANSACTION
control field 20231201123114.0
008 - FIXED-LENGTH DATA ELEMENTS--GENERAL INFORMATION
fixed length control field 230907b |||||||| |||| 00| 0 eng d
040 ## - CATALOGING SOURCE
Original cataloging agency LK-CoMWRAF
Modifying agency LK-CoMWRAF
Description conventions LK-CoMWRAF
041 ## - LANGUAGE CODE
Language code of text/sound track or separate title Sinhala; Sinhalese
082 ## - DEWEY DECIMAL CLASSIFICATION NUMBER
Classification number 782.42
Item number DIA
942 ## - ADDED ENTRY ELEMENTS (KOHA)
Koha item type Books
100 ## - MAIN ENTRY--PERSONAL NAME
Personal name ඩයස්, සිඩ්නි මාකස්
700 ## - ADDED ENTRY--PERSONAL NAME
Personal name ගමගේ, ආනන්ද
Relator Term producer
245 ## - TITLE STATEMENT
Title සිංදු මිහිර :
Remainder of title ළමා ගී
246 ## - VARYING FORM OF TITLE
Title proper/short title Sindu mihira : Lamaa gee
260 ## - PUBLICATION, DISTRIBUTION, ETC. (IMPRINT)
Place of publication, distribution, etc. ආණමඩුව :
Name of publisher, distributor, etc. තෝතැන්න ප්‍ර‍කාශන,
Holdings
Withdrawn status Lost status Damaged status Not for loan Permanent Location Current Location Date acquired Full call number Barcode Koha item type
        Resource center, Muslim Women's Research And Action Forum Resource center, Muslim Women's Research And Action Forum 2023-09-07 782.42 DIA RAF902 Books
        Resource center, Muslim Women's Research And Action Forum Resource center, Muslim Women's Research And Action Forum 2023-11-15 782.42 DIA RAF2791 Books
        Resource center, Muslim Women's Research And Action Forum Resource center, Muslim Women's Research And Action Forum 2023-11-15 782.42 DIA RAF2792 Books

Copyright © 2023 Muslim Women's Research and Action Forum (MWRAF), No 27/3, Anderson Road, Kalubowila, Dehiwela. Funded by The Asia Fundation